000
00309nam a2200121Ia 4500
008
190216s9999||||xx |||||||||||||| ||und||
100
_a
Bright J A & Mcgregor G P
245
0
_a
Teaching English As A Second Language
260
_b
Longmans
_c
1976
300
_a
283p
650
_a
English Story
942
_c
BK
999
_c
12719
_d
12719